Démographie
Збережено в:
| Автор: | |
|---|---|
| Формат: | Книга |
| Мова: | Французька |
| Опубліковано: |
París
Presses Universitaires de France
1964
|
| Серія: | Themis
|
| Предмети: | |
| Теги: |
Додати тег
Немає тегів, Будьте першим, хто поставить тег для цього запису!
|
MARC
| LEADER | 00000nam a2200000 a 4500 | ||
|---|---|---|---|
| 001 | UCT8417 | ||
| 003 | CL-VaPUC | ||
| 008 | 970326e19640000FR |||||||||||||||||fre|d | ||
| 082 | 0 | 4 | |a 304.6 |b MOU |2 21 |
| 100 | |a Mouchez, Philippe |e auteur |9 380153 | ||
| 245 | 1 | 0 | |a Démographie |
| 300 | |a 260 p | ||
| 942 | |c BK | ||
| 945 | |d 19970326 00:00:00 |a rleighto | ||
| 260 | |a París |b Presses Universitaires de France |c 1964 | ||
| 650 | 0 | |a Demografía |9 260008 | |
| 650 | 0 | |a Población |9 257577 | |
| 650 | 7 | |a MORTALIDAD |2 CL-VaPUC |9 341601 | |
| 650 | 0 | |a Migración |9 331531 | |
| 650 | 7 | |a NATALIDAD |2 CL-VaPUC |9 357969 | |
| 650 | 0 | |a Sociología |9 255410 | |
| 650 | 0 | |a Sociedad |9 307903 | |
| 651 | 0 | |a Francia |9 255157 | |
| 583 | |a last modification |c 19970326 00:00:00 |k Rodrigo Vera | ||
| 490 | 0 | |a Themis | |
| 999 | |c 256915 |d 256913 | ||
| 952 | |0 0 |1 0 |4 0 |6 304_600000000000000_MOU_1964 |7 0 |8 P |9 280040 |a BIBGIM |b BIBGIM |d 2019-11-19 |i 3275892 |o 304.6 MOU 1964 |p 3275892 |r 2025-01-15 |w 2019-11-19 |y BK |k SSL | ||